| 000 | 01152nam0a2200301 4500 | ||
|---|---|---|---|
| 001 | RU\NLR\BIBL_A\010209132 | ||
| 005 | 20260405071417.0 | ||
| 010 |
_a978-5-17-082720-6 _bАСТ |
||
| 010 |
_a978-5-271-46809-4 _bАстрель _94000 |
||
| 021 |
_aRU _b2014-475 _924 |
||
| 035 | _a(NLR Aleph) 010209132 | ||
| 090 |
_a10266877 _c10266877 |
||
| 100 | _a20120207d2013 |||y0rusy50 ca | ||
| 101 | 0 | _arus | |
| 102 | _aRU | ||
| 105 | _aa jg 000yy | ||
| 200 | 1 |
_aФизика в таблицах _e7-11 классы _eсправочные материалы _e[для быстрой подготовки к устному экзамену и ЕГЭ _fотв. ред.: А.Ю. Котова] |
|
| 210 |
_aМосква _cАСТ _cАстрель _d2013 |
||
| 215 |
_a190, [1] с. _cил. _d17 |
||
| 225 | 1 | _aШкольная программа | |
| 606 | 1 |
_aФизика _jТаблицы _9898198 _3RU\NLR\AUTH\665898 |
|
| 686 | 1 | _aВ3я721-7 | |
| 702 | 1 |
_8rus _7ca _aКотова _bА.Ю. _gАнна Юрьевна _3RU\NLR\auth\7724401 _97452 |
|
| 830 | _aред. по базе | ||
| 942 | _cBOOK | ||
| 980 | _aNB | ||